| 000 | 00949nam a2200253Ia 4500 | ||
|---|---|---|---|
| 999 |
_c49737 _d49737 |
||
| 001 | 16672 | ||
| 003 | GE_BSU | ||
| 005 | 20200131160857.0 | ||
| 008 | 181216s||||||||xx |||||||||||||| ||und|| | ||
| 020 | _a9780415580267 (pbk.) 9780415580250 (hardback) | ||
| 040 | _cGE_BSU | ||
| 245 | _aAdolescent counselling psychology: theory, research and practice | ||
| 245 | _btheory, research and practice / | ||
| 245 | _cEdited by: Terry Hanley, Neil Humphrey, and Clare Lennie. | ||
| 260 | _aLondon ; New York. | ||
| 260 | _bRoutledge | ||
| 260 | _c2013 | ||
| 300 | _axiii, 180 p, 24 cm. | ||
| 541 | _h99 gel. | ||
| 653 | _aAdolescent psychotherapy. Adolescence--Counseling of. PSYCHOLOGY / Psychotherapy / Child & Adolescent PSYCHOLOGY / Psychotherapy / Counseling PSYCHOLOGY / Mental Health | ||
| 653 | _aფსიქოლოგია | ||
| 653 | _aფსიქოლოგიის / ფსიქოთერაპია | ||
| 942 |
_cBK _2udc |
||